<?xml version="1.0" encoding="UTF-8"?>
<record
    xmlns:xsi="http://www.w3.org/2001/XMLSchema-instance"
    xsi:schemaLocation="http://www.loc.gov/MARC21/slim http://www.loc.gov/standards/marcxml/schema/MARC21slim.xsd"
    xmlns="http://www.loc.gov/MARC21/slim">

  <leader>01124nam a2200265 a 4500</leader>
  <controlfield tag="001">BRCA_1035</controlfield>
  <controlfield tag="005">20190320203242.0</controlfield>
  <controlfield tag="008">071112s2006    mx-a---##b---s000-0#spa-d</controlfield>
  <datafield tag="020" ind1=" " ind2=" ">
    <subfield code="a">970679171X</subfield>
  </datafield>
  <datafield tag="050" ind1=" " ind2="4">
    <subfield code="a">N910.M50</subfield>
    <subfield code="b">.M87 2006</subfield>
  </datafield>
  <datafield tag="245" ind1="1" ind2="0">
    <subfield code="a">Museo de Arte Colonial de Morelia</subfield>
    <subfield code="c">coordinadoras Carmen Alicia D&#xE1;vila, Nelly Sigaut ; autores Eduwiges Casillas Hern&#xE1;ndez ... [et al.].</subfield>
  </datafield>
  <datafield tag="260" ind1=" " ind2=" ">
    <subfield code="a">Zamora, Michoac&#xE1;n</subfield>
    <subfield code="b">El Colegio de Michoac&#xE1;n : Secretar&#xED;a de Cultura del Estado de Michoac&#xE1;n</subfield>
    <subfield code="c">2006</subfield>
  </datafield>
  <datafield tag="300" ind1=" " ind2=" ">
    <subfield code="a">171 p.</subfield>
    <subfield code="b">il. (algunas a color)</subfield>
    <subfield code="c">21 cm.</subfield>
  </datafield>
  <datafield tag="500" ind1=" " ind2=" ">
    <subfield code="a">Incluye &#xED;ndice de ilustraciones</subfield>
  </datafield>
  <datafield tag="500" ind1=" " ind2=" ">
    <subfield code="a">2do. ejemplar en el &#xC1;rea de Investigaci&#xF3;n</subfield>
  </datafield>
  <datafield tag="504" ind1=" " ind2=" ">
    <subfield code="a">Bibliograf&#xED;a: p. 156-161</subfield>
  </datafield>
  <datafield tag="610" ind1="2" ind2="4">
    <subfield code="a">Museo de Arte Colonial de Morelia (Michoac&#xE1;n, M&#xE9;xico)</subfield>
    <subfield code="v">Cat&#xE1;logos</subfield>
    <subfield code="9">3410</subfield>
  </datafield>
  <datafield tag="650" ind1="1" ind2="4">
    <subfield code="a">Pintura mexicana</subfield>
    <subfield code="v">Cat&#xE1;logos</subfield>
    <subfield code="9">3411</subfield>
  </datafield>
  <datafield tag="650" ind1="1" ind2="4">
    <subfield code="a">Pintura colonial</subfield>
    <subfield code="v">Cat&#xE1;logos</subfield>
    <subfield code="z">M&#xE9;xico</subfield>
    <subfield code="9">3412</subfield>
  </datafield>
  <datafield tag="650" ind1="1" ind2="4">
    <subfield code="a">Pintura</subfield>
    <subfield code="v">Cat&#xE1;logos</subfield>
    <subfield code="z">Michoac&#xE1;n - M&#xE9;xico</subfield>
    <subfield code="9">3413</subfield>
  </datafield>
  <datafield tag="700" ind1="1" ind2=" ">
    <subfield code="a">D&#xE1;vila Mungu&#xED;a, Carmen Alicia</subfield>
    <subfield code="9">3414</subfield>
  </datafield>
  <datafield tag="700" ind1="1" ind2=" ">
    <subfield code="a">Sigaut, Nelly</subfield>
    <subfield code="9">3415</subfield>
  </datafield>
  <datafield tag="700" ind1="1" ind2=" ">
    <subfield code="a">Casillas Hern&#xE1;ndez, Eduwiges</subfield>
    <subfield code="9">3416</subfield>
  </datafield>
  <datafield tag="942" ind1=" " ind2=" ">
    <subfield code="2">lcc</subfield>
    <subfield code="c">B</subfield>
  </datafield>
  <datafield tag="999" ind1=" " ind2=" ">
    <subfield code="c">914</subfield>
    <subfield code="d">914</subfield>
  </datafield>
  <datafield tag="952" ind1=" " ind2=" ">
    <subfield code="0">0</subfield>
    <subfield code="1">0</subfield>
    <subfield code="4">0</subfield>
    <subfield code="7">0</subfield>
    <subfield code="a">BRCA</subfield>
    <subfield code="b">BRCA</subfield>
    <subfield code="d">2008-06-26</subfield>
    <subfield code="l">0</subfield>
    <subfield code="o">N910.M50 .M87 2006</subfield>
    <subfield code="p">01523</subfield>
    <subfield code="r">2019-03-22 00:00:00</subfield>
    <subfield code="w">2019-03-22</subfield>
    <subfield code="y">B</subfield>
  </datafield>
  <datafield tag="952" ind1=" " ind2=" ">
    <subfield code="0">0</subfield>
    <subfield code="1">0</subfield>
    <subfield code="4">0</subfield>
    <subfield code="7">0</subfield>
    <subfield code="8">AG</subfield>
    <subfield code="a">BRCA</subfield>
    <subfield code="b">BRCA</subfield>
    <subfield code="d">2012-02-02</subfield>
    <subfield code="l">0</subfield>
    <subfield code="o">N910.M50 .M87 2006</subfield>
    <subfield code="p">02600</subfield>
    <subfield code="r">2019-03-22 00:00:00</subfield>
    <subfield code="w">2019-03-22</subfield>
    <subfield code="y">B</subfield>
  </datafield>
</record>
